Statistics for MLK, Jr Quotes Quiz

Click here to take the quiz!

General Stats

  • This quiz has been taken 220 times
  • The average score is 5 of 9

Answer Stats

QuotesAnswer% Correct
The time is always right to do what’s _____.right
97%
Injustice anywhere is a threat to justice __________.everywhere
90%
I submit to you that if a man has not discovered something that he will die for, he isn’t fit to ____.live
79%
He who is devoid of the power to forgive is devoid of the power to ____.love
59%
A man can’t ride your back unless it’s ____.bent
39%
Nothing in the world is more ________ than sincere ignorance and conscientious stupidity.dangerous
32%
Only when it is dark enough, can you see the _____.stars
29%
Let no man pull you low enough to ____ him.hate
19%
We must learn to live together as brothers or perish together as _____.fools
12%

Score Distribution

Percentile by Number Answered

Percent of People with Each Score

Your Score History

You have not taken this quiz